| 000 -LEADER |
| fixed length control field |
01021pab a2200181 454500 |
| 008 - FIXED-LENGTH DATA ELEMENTS--GENERAL INFORMATION |
| fixed length control field |
180718b2005 xxu||||| |||| 00| 0 eng d |
| 100 ## - MAIN ENTRY--PERSONAL NAME |
| Personal name |
Fielding, David |
| 245 ## - TITLE STATEMENT |
| Title |
Political violence and excess liquidity in Egypt |
| 260 ## - PUBLICATION, DISTRIBUTION, ETC. |
| Date of publication, distribution, etc. |
2005 |
| 300 ## - PHYSICAL DESCRIPTION |
| Extent |
p.542-57. |
| 362 ## - DATES OF PUBLICATION AND/OR SEQUENTIAL DESIGNATION |
| Dates of publication and/or sequential designation |
May |
| 520 ## - SUMMARY, ETC. |
| Summary, etc. |
In this article we estimate a time-series model of excess liquidity in the Egyptian banking sector. While financial liberalisation and financial stability are found to have reduced excess liquidity, these effects have been offset by an increase in the number of violent political incidents arising from conflict between radical Islamic groups and the Egyptian state. The link between political events and financial outcomes provides a rationale for economic policy interventions by the international community in response to increases in political instability. - Reproduced. |
| 650 ## - SUBJECT ADDED ENTRY--TOPICAL TERM |
| Topical term or geographic name entry element |
Violence - Egypt |
| 650 ## - SUBJECT ADDED ENTRY--TOPICAL TERM |
| Topical term or geographic name entry element |
Violence |
| 700 ## - ADDED ENTRY--PERSONAL NAME |
| Personal name |
Shortland, Anja |
| 773 ## - HOST ITEM ENTRY |
| Main entry heading |
Journal of Development Studies |
| 909 ## - |
| -- |
65319 |